000 01404nam2a22002531 4500
001 RU\NLR\INFOCOMM7\5000017059
005 20250617021653.0
035 _a(NLR Aleph) 002371573
090 _a4573823
_c4573823
100 _a20041202d1985 |||y0rusy50 ca
101 0 _arus
102 _aRU
105 _ay ||||000|y
200 1 _aНормирование и расчет естественного дымоудаления в бесфонарных производственных зданиях в случае пожара
_fА.Н. Боксер и др.
210 _d1985
_aБ. м.
461 0 _1001RU\NLR\INFOCOMM7\5000016896
_12001#$aСтроительство и архитектура$eОбзор. информ.$hСерия 4$iПромышленные комплексы, здания и сооружения$fВНИИ информ. по стр-ву и архитектуре$v1985, Вып.2
_94572832
_cМ.
_d1979-1990
_fВНИИ информ. по стр-ву и архитектуре
_hСерия 4
_iПромышленные комплексы, здания и сооружения
_oОбзор. информ.
_tСтроительство и архитектура
_x0201-9795
_v1985, Вып.2
700 1 _aБоксер
_bА.Н.
_4070
801 1 _aRU
_bInfoComm
_c20041206
801 0 _aRU
_bNLR
_gPSBO
852 _aNLR
_jП10/5680
942 _cISSUE
980 _aNB
980 _aRUSPER